[Event "8th RTU Open 2018"]
[Site "Riga"]
[Date "2018.08.12"]
[Round "9"]
[White "Seyb, Alexander"]
[Black "Praggnanandhaa, R."]
[Result "1-0"]
[WhiteElo "2383"]
[BlackElo "2532"]
[Annotator "ChessBase"]
[PlyCount "75"]
[EventDate "2018.08.06"]
[EventType "swiss"]
[EventCountry "LAT"]
[SourceTitle "playchess.com"]
[Source "ChessBase"]
[SourceQuality "1"]
[TimeControl "5400+30"]

1. e4 {[%emt 0:00:00]} c5 {[%emt 0:00:07]} 2. Nf3 {[%emt 0:00:00]} e6 {[%emt 0:00:04]} 3. d4 {[%emt 0:00:00]} cxd4 {[%emt 0:00:06]} 4. Nxd4 {[%emt 0:00:00]} a6 {[%emt 0:00:03]} 5. c4 {[%emt 0:00:00]} Nf6 {[%emt 0:00:10]} 6. Nc3 {[%emt 0:00:03]} Qc7 {[%emt 0:00:03]} 7. Be2 {[%emt 0:00:10]} b6 {[%emt 0:11:44]} 8. f4 {[%emt 0:00:07]} d6 {[%emt 0:03:14]} 9. O-O {[%emt 0:01:23]} Bb7 {[%emt 0:02:28]} 10. f5 {[%emt 0:00:25]} e5 {[%emt 0:03:35]} 11. Nc2 {[%emt 0:00:15]} Nbd7 {[%emt 0:16:12]} 12. Ne3 {[%emt 0:00:14]} Nxe4 {[%emt 0:07:02]} 13. Ned5 {[%emt 0:03:35]} Qc5+ {[%emt 0:04:57]} 14. Be3 {[%emt 0:00:08]} Nxc3 {[%emt 0:00:13]} 15. bxc3 {[%emt 0:00:22]} Qc8 {[%emt 0:07:42]} 16. f6 {[%emt 0:30:16]} Nxf6 {[%emt 0:03:37]} 17. Rxf6 {[%emt 0:01:54]} Bxd5 {[%emt 0:01:22]} 18. Qxd5 {[%emt 0:02:12]} gxf6 {[%emt 0:00:04]} 19. Bg4 {[%emt 0:02:09]} Qxg4 {[%emt 0:03:09]} 20. Qxa8+ {[%emt 0:00:08]} Ke7 {[%emt 0:00:13]} 21. Qb7+ {[%emt 0:00:19]} Qd7 {[%emt 0:00:47]} 22. Qxb6 {[%emt 0:00:07]} Ke6 {[%emt 0:17:15]} 23. Qxa6 {[%emt 0:18:40]} Be7 {[%emt 0:05:35]} 24. c5 {[%emt 0:13:03]} Qc8 {[%emt 0:03:24]} 25. Qd3 {[%emt 0:07:44]} Qc6 {[%emt 0:02:48]} 26. Rf1 {[%emt 0:02:55]} e4 {[%emt 0:02:52]} 27. Qe2 {[%emt 0:00:01]} f5 {[%emt 0:02:50]} 28. c4 {[%emt 0:03:47]} dxc5 {[%emt 0:00:43]} 29. Qh5 {[%emt 0:00:10]} f6 {[%emt 0:00:21]} 30. Qxf5+ {[%emt 0:01:59]} Kf7 {[%emt 0:00:01]} 31. Rf4 {[%emt 0:01:26]} Qb7 {[%emt 0:01:54]} 32. h4 {[%emt 0:01:52]} Qb1+ {[%emt 0:00:47]} 33. Kh2 {[%emt 0:01:14]} Qe1 {[%emt 0:00:28]} 34. Qh5+ {[%emt 0:01:32]} Kf8 {[%emt 0:00:21]} 35. Bxc5 {[%emt 0:00:54]} Bxc5 {[%emt 0:00:42]} 36. Qxc5+ {[%emt 0:00:47]} Kf7 {[%emt 0:00:04]} 37. Qd5+ {[%emt 0:00:13]} Kg7 {[%emt 0:00:07]} 38. Qd7+ {[%emt 0:00:20]} 1-0

[Event "8th RTU Open 2018"]
[Site "Riga"]
[Date "2018.08.12"]
[Round "9"]
[White "Saveliev, Alexei"]
[Black "Petrov, Dmitri"]
[Result "0-1"]
[WhiteElo "2382"]
[BlackElo "2233"]
[Annotator "NA"]
[PlyCount "72"]
[EventDate "2018.08.06"]
[EventType "swiss"]
[EventCountry "LAT"]
[SourceTitle "playchess.com"]
[Source "ChessBase"]
[SourceQuality "1"]
[TimeControl "5400+30"]

1. e4 d5 2. exd5 Qxd5 3. Nc3 Qd8 4. d4 Nf6 5. Bc4 c6 6. Nf3 Bf5 7. Ne5 e6 8. O-O Be7 9. Re1 Nbd7 10. Bf4 h6 11. Bb3 g5 12. Bg3 h5 13. Qf3 g4 14. Qf4 Nxe5 15. Qxe5 h4 16. Bf4 Rh5 17. Qc7 Qxc7 18. Bxc7 Kd7 19. Be5 Nd5 20. Nxd5 exd5 21. Re2 Bg5 22. h3 gxh3 23. f3 hxg2 24. Kxg2 Rg8 25. Kh1 Bd8 26. Rg1 Rhg5 27. Rxg5 Rxg5 28. Bf4 Rg6 29. c3 Re6 30. Re5 Rxe5 31. Bxe5 Ke6 32. Bf4 Bd3 33. Bd1 Kf5 34. Bb8 Bg5 35. Bxa7 Kf4 36. Kg2 Ke3 0-1

[Event "8th RTU Open 2018"]
[Site "Riga"]
[Date "2018.08.12"]
[Round "9"]
[White "Nikitenko, Mihail"]
[Black "Dragnev, Valentin"]
[Result "0-1"]
[WhiteElo "2374"]
[BlackElo "2509"]
[Annotator "ChessBase"]
[PlyCount "88"]
[EventDate "2018.08.06"]
[EventType "swiss"]
[EventCountry "LAT"]
[SourceTitle "playchess.com"]
[Source "ChessBase"]
[SourceQuality "1"]
[TimeControl "5400+30"]

1. e4 {[%emt 0:00:00]} c5 {[%emt 0:00:00]} 2. Nf3 {[%emt 0:00:00]} Nf6 {[%emt 0:00:17]} 3. e5 {[%emt 0:10:00]} Nd5 {[%emt 0:00:15]} 4. b3 {[%emt 0:04:54]} g6 {[%emt 0:01:55]} 5. h4 {[%emt 0:00:59]} h6 {[%emt 0:05:08]} 6. Qe2 {[%emt 0:09:05]} Nc6 {[%emt 0:11:19]} 7. Bb2 {[%emt 0:00:56]} Bg7 {[%emt 0:08:23]} 8. Na3 {[%emt 0:12:27]} d6 {[%emt 0:15:27]} 9. Nc4 {[%emt 0:00:05]} Be6 {[%emt 0:01:11]} 10. a3 {[%emt 0:27:10]} Rb8 {[%emt 0:10:53]} 11. Qe4 {[%emt 0:09:03]} b5 {[%emt 0:09:01]} 12. Ne3 {[%emt 0:00:22]} dxe5 {[%emt 0:00:38]} 13. c4 {[%emt 0:06:40]} f5 {[%emt 0:01:37]} 14. Qc2 {[%emt 0:00:10]} Nxe3 {[%emt 0:10:43]} 15. dxe3 {[%emt 0:00:05]} b4 {[%emt 0:00:43]} 16. axb4 {[%emt 0:06:56]} Nxb4 {[%emt 0:02:01]} 17. Qb1 {[%emt 0:00:18]} Qc7 {[%emt 0:01:01]} 18. Bc3 {[%emt 0:03:21]} O-O {[%emt 0:01:01]} 19. Qb2 {[%emt 0:00:02]} Nc6 {[%emt 0:00:15]} 20. Be2 {[%emt 0:00:32]} Rf7 {[%emt 0:03:55]} 21. h5 {[%emt 0:04:00]} g5 {[%emt 0:00:26]} 22. g4 {[%emt 0:00:03]} fxg4 {[%emt 0:02:18]} 23. Nd2 {[%emt 0:01:00]} Bf5 {[%emt 0:01:13]} 24. Rg1 {[%emt 0:00:17]} Nb4 {[%emt 0:00:15]} 25. Bxb4 {[%emt 0:02:24]} cxb4 {[%emt 0:01:50]} 26. e4 {[%emt 0:00:51]} Bd7 {[%emt 0:01:45]} 27. Nf1 {[%emt 0:00:20]} Rf4 {[%emt 0:00:42]} 28. Ne3 {[%emt 0:00:56]} Rxe4 {[%emt 0:00:25]} 29. Qc2 {[%emt 0:00:05]} Rd4 {[%emt 0:01:12]} 30. Bxg4 {[%emt 0:01:23]} e4 {[%emt 0:01:40]} 31. Rd1 {[%emt 0:00:32]} Qh2 {[%emt 0:02:32]} 32. Ke2 {[%emt 0:00:28]} Rf8 {[%emt 0:00:23]} 33. Rdf1 Bxg4+ {[%emt 0:01:09]} 34. Rxg4 {[%emt 0:00:38]} Rf4 {[%emt 0:00:41]} 35. c5 {[%emt 0:00:37]} Qxh5 {[%emt 0:00:26]} 36. c6 {[%emt 0:00:04]} Rxg4 {[%emt 0:02:08]} 37. c7 {[%emt 0:00:02]} Rf4+ {[%emt 0:00:53]} 38. Ke1 {[%emt 0:00:03]} Rf8 {[%emt 0:00:12]} 39. c8=Q {[%emt 0:00:33]} Rxc8 {[%emt 0:00:04]} 40. Qxc8+ {[%emt 0:00:03]} Kh7 {[%emt 0:00:18]} 41. Rg1 {[%emt 0:00:58]} Rd3 {[%emt 0:00:46]} 42. Qc5 {[%emt 0:00:48]} Rxb3 {[%emt 0:01:11]} 43. Qc2 {[%emt 0:00:49]} Rd3 {[%emt 0:00:45]} 44. Qc4 {[%emt 0:00:13]} Rxe3+ {[%emt 0:00:33]} 0-1

[Event "8th RTU Open 2018"]
[Site "Riga"]
[Date "2018.08.12"]
[Round "9"]
[White "Hedman, Erik"]
[Black "Thybo, Jesper Sondergaard"]
[Result "0-1"]
[WhiteElo "2370"]
[BlackElo "2496"]
[Annotator "RC"]
[PlyCount "70"]
[EventDate "2018.08.06"]
[EventType "swiss"]
[EventCountry "LAT"]
[SourceTitle "playchess.com"]
[Source "ChessBase"]
[SourceQuality "1"]
[TimeControl "5400+30"]

1. d4 {[%emt 0:00:00]} Nf6 {[%emt 0:00:00]} 2. c4 {[%emt 0:00:00]} e6 {[%emt 0:00:00]} 3. Nf3 {[%emt 0:00:00]} d5 {[%emt 0:00:00]} 4. g3 {[%emt 0:00:13]} Bb4+ {[%emt 0:00:00]} 5. Bd2 {[%emt 0:00:10]} Be7 {[%emt 0:00:00]} 6. Bg2 {[%emt 0:00:08]} O-O {[%emt 0:00:00]} 7. O-O {[%emt 0:00:17]} Nbd7 {[%emt 0:00:03]} 8. Qc2 {[%emt 0:00:14]} c6 {[%emt 0:00:05]} 9. Bf4 {[%emt 0:00:28]} b6 {[%emt 0:00:33]} 10. Rd1 {[%emt 0:00:36]} Ba6 {[%emt 0:02:26]} 11. Ne5 {[%emt 0:01:02]} Rc8 {[%emt 0:01:09]} 12. cxd5 {[%emt 0:09:15]} Nxd5 {[%emt 0:00:30]} 13. Nc3 {[%emt 0:06:37]} Nxe5 {[%emt 0:01:45]} 14. Bxe5 {[%emt 0:03:55]} f6 {[%emt 0:00:49]} 15. Bf4 {[%emt 0:00:07]} Nxf4 {[%emt 0:00:03]} 16. gxf4 {[%emt 0:00:05]} f5 {[%emt 0:00:04]} 17. Qa4 {[%emt 0:09:08]} Bb7 {[%emt 0:01:02]} 18. Qxa7 {[%emt 0:00:23]} Qc7 {[%emt 0:00:31]} 19. Nb5 {[%emt 0:00:10]} Qd7 {[%emt 0:00:39]} 20. Nc3 {[%emt 0:03:05]} Qc7 {[%emt 0:03:00]} 21. Nb5 {[%emt 0:00:17]} Qd7 {[%emt 0:01:54]} 22. Nc3 {[%emt 0:02:28]} Bd8 {[%emt 0:03:28]} 23. Qa4 {[%emt 0:08:39]} Ra8 {[%emt 0:22:43]} 24. Qb3 {[%emt 0:01:11]} Rf6 {[%emt 0:00:05]} 25. Rd3 {[%emt 0:17:57]} Qd6 {[%emt 0:06:13]} 26. Rad1 {[%emt 0:03:49]} Bc7 {[%emt 0:11:19]} 27. d5 {[%emt 0:10:35]} cxd5 {[%emt 0:04:50]} 28. e3 {[%emt 0:06:03]} Rg6 {[%emt 0:11:19]} 29. Nb5 {[%emt 0:02:05]} Qe7 {[%emt 0:01:36]} 30. Nd4 {[%emt 0:05:34]} Qh4 {[%emt 0:03:10]} 31. R3d2 {[%emt 0:00:43]} Rh6 {[%emt 0:05:49]} 32. Nf3 {[%emt 0:00:35]} Qh5 {[%emt 0:01:06]} 33. Rd4 {[%emt 0:03:32]} Rg6 {[%emt 0:01:27]} 34. Ne1 {[%emt 0:01:04]} Ba6 {[%emt 0:01:42]} 35. R4d2 {[%emt 0:04:07]} Be2 {[%emt 0:02:31]} 0-1

[Event "8th RTU Open 2018"]
[Site "Riga"]
[Date "2018.08.12"]
[Round "9"]
[White "Jablonicky, Martin"]
[Black "Adocchio, Giampiero"]
[Result "1/2-1/2"]
[WhiteElo "2361"]
[BlackElo "2136"]
[Annotator "NA"]
[PlyCount "82"]
[EventDate "2018.08.06"]
[EventType "swiss"]
[EventCountry "LAT"]
[SourceTitle "playchess.com"]
[Source "ChessBase"]
[SourceQuality "1"]
[TimeControl "5400+30"]

1. Nf3 {[%emt 0:07:31]} d5 {[%emt 0:00:00]} 2. g3 {[%emt 0:00:18]} Bg4 {[%emt 0:00:00]} 3. Bg2 {[%emt 0:00:07]} Nd7 {[%emt 0:00:03]} 4. O-O {[%emt 0:00:25]} e6 {[%emt 0:01:10]} 5. d3 {[%emt 0:01:01]} Ngf6 {[%emt 0:01:47]} 6. Nbd2 {[%emt 0:00:08]} Be7 {[%emt 0:03:16]} 7. e4 {[%emt 0:00:09]} dxe4 {[%emt 0:07:38]} 8. dxe4 {[%emt 0:00:07]} O-O {[%emt 0:03:24]} 9. Qe2 {[%emt 0:00:21]} Ne5 {[%emt 0:04:49]} 10. Rd1 {[%emt 0:01:44]} Qc8 {[%emt 0:06:11]} 11. h3 {[%emt 0:00:18]} Nxf3+ {[%emt 0:07:14]} 12. Nxf3 {[%emt 0:00:09]} Bxf3 {[%emt 0:00:54]} 13. Bxf3 {[%emt 0:00:50]} e5 {[%emt 0:00:32]} 14. Kg2 {[%emt 0:00:05]} c6 {[%emt 0:05:46]} 15. Be3 {[%emt 0:04:19]} Qc7 {[%emt 0:03:49]} 16. g4 {[%emt 0:01:50]} Rfd8 {[%emt 0:03:08]} 17. g5 {[%emt 0:01:47]} Nd7 {[%emt 0:02:02]} 18. Bg4 {[%emt 0:00:23]} Nf8 {[%emt 0:01:41]} 19. h4 {[%emt 0:01:31]} Rxd1 {[%emt 0:02:02]} 20. Rxd1 {[%emt 0:00:04]} Rd8 {[%emt 0:00:38]} 21. h5 {[%emt 0:04:37]} Rxd1 {[%emt 0:03:12]} 22. Qxd1 {[%emt 0:00:01]} b6 {[%emt 0:00:56]} 23. Kh3 {[%emt 0:03:00]} g6 {[%emt 0:05:45]} 24. hxg6 {[%emt 0:00:50]} hxg6 {[%emt 0:00:44]} 25. Kh4 {[%emt 0:05:40]} Bd6 {[%emt 0:05:38]} 26. Qd3 {[%emt 0:02:41]} Qe7 {[%emt 0:03:10]} 27. Qc4 {[%emt 0:00:54]} c5 {[%emt 0:00:43]} 28. Qd5 {[%emt 0:00:47]} Kg7 {[%emt 0:00:37]} 29. Bd2 {[%emt 0:06:07]} Nh7 {[%emt 0:00:18]} 30. Kh3 {[%emt 0:08:41]} Bc7 {[%emt 0:04:51]} 31. Qd7 {[%emt 0:00:50]} Bd8 {[%emt 0:00:48]} 32. Qxe7 {[%emt 0:00:11]} Bxe7 {[%emt 0:00:04]} 33. Kh4 {[%emt 0:00:09]} f6 {[%emt 0:01:39]} 34. gxf6+ {[%emt 0:00:47]} Nxf6 {[%emt 0:00:04]} 35. Bg5 {[%emt 0:00:05]} Nxg4 {[%emt 0:00:30]} 36. Kxg4 {[%emt 0:00:06]} Bxg5 {[%emt 0:00:07]} 37. Kxg5 {[%emt 0:00:04]} b5 {[%emt 0:03:28]} 38. b3 {[%emt 0:01:28]} b4 {[%emt 0:00:37]} 39. Kh4 {[%emt 0:00:56]} Kf7 {[%emt 0:05:39]} 40. Kg5 {[%emt 0:00:08]} Kg7 {[%emt 0:00:06]} 41. Kh4 {[%emt 0:00:05]} Kf7 1/2-1/2

[Event "8th RTU Open 2018"]
[Site "Riga"]
[Date "2018.08.12"]
[Round "9"]
[White "Oboladze, Luka"]
[Black "Player, Edmund C"]
[Result "1-0"]
[WhiteElo "2349"]
[BlackElo "2194"]
[Annotator "NA"]
[PlyCount "111"]
[EventDate "2018.08.06"]
[EventType "swiss"]
[EventCountry "LAT"]
[SourceTitle "playchess.com"]
[Source "ChessBase"]
[SourceQuality "1"]
[TimeControl "5400+30"]

1. d4 {[%emt 0:00:00]} Nf6 {[%emt 0:00:00]} 2. Nf3 {[%emt 0:00:34]} g6 {[%emt 0:01:30]} 3. Bf4 {[%emt 0:00:21]} b6 {[%emt 0:06:51]} 4. e3 {[%emt 0:00:40]} Bb7 {[%emt 0:03:52]} 5. Be2 {[%emt 0:00:24]} d6 {[%emt 0:02:02]} 6. h3 {[%emt 0:01:58]} Nbd7 {[%emt 0:01:54]} 7. O-O {[%emt 0:00:59]} Bg7 {[%emt 0:00:22]} 8. a4 {[%emt 0:01:50]} a6 {[%emt 0:02:44]} 9. Nbd2 {[%emt 0:10:40]} O-O {[%emt 0:01:41]} 10. c3 {[%emt 0:01:43]} Ne4 {[%emt 0:09:38]} 11. Nxe4 {[%emt 0:09:10]} Bxe4 {[%emt 0:00:03]} 12. Nd2 {[%emt 0:01:37]} Bb7 {[%emt 0:00:10]} 13. e4 {[%emt 0:00:23]} e5 {[%emt 0:06:57]} 14. Be3 {[%emt 0:00:30]} exd4 {[%emt 0:15:48]} 15. cxd4 {[%emt 0:00:14]} c5 {[%emt 0:01:35]} 16. Nc4 {[%emt 0:06:47]} Qe7 {[%emt 0:19:23]} 17. d5 {[%emt 0:09:16]} b5 {[%emt 0:04:35]} 18. Na5 {[%emt 0:01:38]} Nb6 {[%emt 0:08:54]} 19. Qb3 {[%emt 0:12:09]} Rab8 {[%emt 0:07:58]} 20. axb5 {[%emt 0:05:38]} axb5 {[%emt 0:00:01]} 21. Qxb5 {[%emt 0:03:43]} Ba8 {[%emt 0:00:06]} 22. Qd3 {[%emt 0:02:00]} Rfe8 {[%emt 0:00:45]} 23. Nc6 {[%emt 0:03:27]} Bxc6 {[%emt 0:00:26]} 24. dxc6 {[%emt 0:00:04]} Qc7 {[%emt 0:01:42]} 25. Rad1 {[%emt 0:03:12]} Qxc6 {[%emt 0:02:20]} 26. b3 {[%emt 0:02:26]} Be5 {[%emt 0:01:10]} 27. f4 {[%emt 0:00:55]} Bg7 {[%emt 0:00:27]} 28. Bf3 {[%emt 0:01:04]} c4 {[%emt 0:00:32]} 29. Qc2 {[%emt 0:01:01]} Qb5 {[%emt 0:00:29]} 30. bxc4 {[%emt 0:02:43]} Nxc4 {[%emt 0:00:01]} 31. Bf2 {[%emt 0:00:14]} Rec8 {[%emt 0:00:26]} 32. Rb1 {[%emt 0:02:40]} Nb2 {[%emt 0:00:11]} 33. Qd2 {[%emt 0:00:08]} Nc4 {[%emt 0:01:05]} 34. Qd3 {[%emt 0:00:36]} Nb2 {[%emt 0:00:40]} 35. Qxd6 {[%emt 0:00:31]} Rd8 {[%emt 0:00:20]} 36. Qc7 {[%emt 0:02:59]} Rdc8 {[%emt 0:00:24]} 37. Qe7 {[%emt 0:01:04]} Re8 {[%emt 0:00:53]} 38. Qc5 {[%emt 0:00:48]} Qxc5 {[%emt 0:00:32]} 39. Bxc5 {[%emt 0:00:04]} Rec8 {[%emt 0:00:29]} 40. Bd6 {[%emt 0:01:06]} Bd4+ {[%emt 0:00:27]} 41. Kh2 {[%emt 0:00:20]} Rb6 {[%emt 0:00:12]} 42. e5 {[%emt 0:00:13]} Nc4 {[%emt 0:00:35]} 43. Rxb6 {[%emt 0:01:44]} Bxb6 {[%emt 0:00:04]} 44. Bb4 {[%emt 0:00:30]} Be3 {[%emt 0:00:26]} 45. Bd5 {[%emt 0:01:16]} Rb8 {[%emt 0:01:16]} 46. Bc3 {[%emt 0:04:04]} Nd2 {[%emt 0:00:12]} 47. Re1 {[%emt 0:01:36]} Bxf4+ {[%emt 0:00:26]} 48. g3 {[%emt 0:00:03]} Rd8 {[%emt 0:00:42]} 49. e6 {[%emt 0:02:11]} fxe6 {[%emt 0:00:39]} 50. Bxe6+ {[%emt 0:00:04]} Kf8 {[%emt 0:00:08]} 51. Kg2 {[%emt 0:01:12]} Bg5 {[%emt 0:00:37]} 52. h4 {[%emt 0:00:40]} Bh6 {[%emt 0:00:42]} 53. Ba2 {[%emt 0:01:54]} Rd7 {[%emt 0:00:33]} 54. Bb4+ {[%emt 0:00:38]} Kg7 {[%emt 0:00:04]} 55. Re8 {[%emt 0:00:20]} Ra7 {[%emt 0:00:55]} 56. Bc3# {[%emt 0:00:15] Rc7 Bb4 g5 h5 Rd7} 1-0

[Event "8th RTU Open 2018"]
[Site "Riga"]
[Date "2018.08.12"]
[Round "9"]
[White "Quillan, Gary"]
[Black "Schroeder, Jan Christian"]
[Result "0-1"]
[WhiteElo "2349"]
[BlackElo "2573"]
[Annotator "ChessBase"]
[PlyCount "90"]
[EventDate "2018.08.06"]
[EventType "swiss"]
[EventCountry "LAT"]
[SourceTitle "playchess.com"]
[Source "ChessBase"]
[SourceQuality "1"]
[TimeControl "5400+30"]

1. e4 {[%emt 0:00:22]} e5 {[%emt 0:00:00]} 2. Nf3 {[%emt 0:00:22]} Nc6 {[%emt 0:00:00]} 3. Bb5 {[%emt 0:00:05]} a6 {[%emt 0:00:00]} 4. Ba4 {[%emt 0:00:04]} Nf6 {[%emt 0:00:00]} 5. O-O {[%emt 0:00:07]} Be7 {[%emt 0:00:00]} 6. Re1 {[%emt 0:00:05]} b5 {[%emt 0:00:00]} 7. Bb3 {[%emt 0:00:04]} d6 {[%emt 0:00:00]} 8. c3 {[%emt 0:00:06]} O-O {[%emt 0:00:00]} 9. d4 {[%emt 0:00:05]} Bg4 {[%emt 0:00:04]} 10. d5 {[%emt 0:00:05]} Na5 {[%emt 0:00:03]} 11. Bc2 {[%emt 0:00:04]} Qc8 {[%emt 0:00:02]} 12. h3 {[%emt 0:00:28]} Bd7 {[%emt 0:00:05]} 13. Nbd2 {[%emt 0:00:07]} c6 {[%emt 0:00:03]} 14. dxc6 {[%emt 0:00:05]} Qxc6 {[%emt 0:00:04]} 15. Nf1 {[%emt 0:00:11]} Rfc8 {[%emt 0:00:04]} 16. Bd3 {[%emt 0:02:30]} Nb7 {[%emt 0:00:47]} 17. Bg5 {[%emt 0:01:57]} Nc5 {[%emt 0:08:26]} 18. Bc2 {[%emt 0:02:49]} h6 {[%emt 0:07:57]} 19. Bxf6 {[%emt 0:00:50]} Bxf6 {[%emt 0:00:17]} 20. Ne3 {[%emt 0:11:44]} Be6 {[%emt 0:01:39]} 21. Nd5 {[%emt 0:18:44]} Bxd5 {[%emt 0:05:51]} 22. exd5 {[%emt 0:00:27]} Qc7 {[%emt 0:01:56]} 23. a4 {[%emt 0:02:19]} g6 {[%emt 0:10:59]} 24. Ra3 {[%emt 0:11:10]} Kg7 {[%emt 0:01:55]} 25. Qd2 {[%emt 0:12:32]} Qb7 {[%emt 0:05:38]} 26. a5 {[%emt 0:09:30]} Nd7 {[%emt 0:01:19]} 27. b4 {[%emt 0:00:48]} Rc7 {[%emt 0:01:03]} 28. h4 {[%emt 0:03:45]} h5 {[%emt 0:01:13]} 29. Ng5 {[%emt 0:00:31]} Rac8 {[%emt 0:08:56]} 30. Re3 {[%emt 0:03:25]} Rc4 {[%emt 0:07:53]} 31. Ne4 {[%emt 0:03:43]} Be7 {[%emt 0:00:04]} 32. Bb3 {[%emt 0:00:18]} R4c7 {[%emt 0:00:05]} 33. Ng5 {[%emt 0:00:26]} Nf6 {[%emt 0:05:35]} 34. Rf3 {[%emt 0:03:59]} e4 {[%emt 0:05:58]} 35. Rg3 {[%emt 0:01:00]} Qa7 {[%emt 0:06:19]} 36. Bc2 {[%emt 0:02:25]} Rc4 {[%emt 0:01:37]} 37. Bb3 {[%emt 0:00:14]} Qb7 {[%emt 0:04:54]} 38. Bxc4 {[%emt 0:03:01]} Rxc4 {[%emt 0:00:02]} 39. Ra1 {[%emt 0:02:38]} Qxd5 {[%emt 0:00:29]} 40. Qxd5 {[%emt 0:02:44]} Nxd5 {[%emt 0:00:05]} 41. Kf1 {[%emt 0:02:32]} f5 {[%emt 0:04:55]} 42. Rd1 {[%emt 0:01:16]} Nxc3 {[%emt 0:06:39]} 43. Rc1 {[%emt 0:00:23]} Bf6 {[%emt 0:00:04]} 44. f4 {[%emt 0:01:26]} d5 {[%emt 0:01:23]} 45. Ke1 {[%emt 0:00:30]} d4 {[%emt 0:00:28]} 0-1

[Event "8th RTU Open 2018"]
[Site "Riga"]
[Date "2018.08.12"]
[Round "9"]
[White "Sawlin, Leonid"]
[Black "Pultinevicius, Paulius"]
[Result "0-1"]
[WhiteElo "2346"]
[BlackElo "2452"]
[Annotator "TA"]
[PlyCount "154"]
[EventDate "2018.08.06"]
[EventType "swiss"]
[EventCountry "LAT"]
[SourceTitle "playchess.com"]
[Source "ChessBase"]
[SourceQuality "1"]

{[%evp 19,154,25,39,24,63,18,60,19,52,0,40,53,58,63,45,31,39,40,27,27,27,0,0,0,0,0,0,-7,0,-18,-19,-10,0,-67,-77,-57,-60,-38,-48,-130,-16,-26,-33,-37,-33,-62,-64,-228,-228,-227,-220,-222,-188,-209,-207,-206,-208,-231,-231,-231,-231,-231,-231,-206,-206,-210,-210,-365,-365,-365,-365,-361,-273,-385,-386,-310,-309,-687,-677,-668,-655,-689,-687,-689,-664,-689,-689,-689,-686,-682,-682,-724,-724,-722,-716,-682,-675,-675,-675,-664,-660,-637,-593,-700,-697,-713,-531,-848,-833,-848,-848,-848,-848,-848,-841,-837,-788,-1345,-1272,-1744,-1832,-29974,-29975,-29975,-29976,-29976,-29977,-29986,-29987,-29987,-29988,-29988,-29989,-29989,-29983,-29983,-29982]} 1. e4 c6 2. d4 d5 3. e5 Bf5 4. Nf3 e6 5. Nbd2 Nd7 6. Nb3 Ne7 {B12: Caro-Kann: Advance Variation} 7. a4 Bg6 8. a5 a6 9. Be2 Nf5 10. O-O Rc8 $146 {LiveBook: 4 Games} ({Predecessor:} 10... c5 11. dxc5 Nxc5 12. Bg5 Qc7 13. c4 h6 14. Bf4 {1-0 (30) Kryvoruchko,Y (2710)-Yu,R (2526) China 2017}) 11. c4 Be7 12. Re1 O-O 13. h3 Qc7 14. Bd2 (14. c5 $14) 14... Qb8 15. Rc1 Rcd8 16. Bf1 Rde8 17. g4 Nh4 18. Nxh4 Bxh4 19. cxd5 cxd5 20. g5 f6 $1 {[%cal Rf6e5]} 21. gxf6 Nxf6 22. exf6 {And now Qg4 would win.} Bxf2+ $1 23. Kh1 $1 Rxf6 24. Bg2 Bxe1 25. Qxe1 Be4 26. Nc5 ({White should play} 26. Bxe4 $11 dxe4 27. Nc5) 26... Bxg2+ $15 27. Kxg2 Ref8 28. Rc3 Qe8 {White must now prevent ...Qf7.} 29. Rg3 {[#]} ({Only move:} 29. Qe2 $1 $15) 29... Qf7 (29... e5 $1 $17 {[%mdl 512] ...Qb5 is the strong threat.} 30. Nd3 (30. dxe5 Rf2+) 30... e4) 30. Nd3 Rf3 $36 {[%mdl 2048] aiming for ...Rxg3+. Black has some pressure.} 31. Qe2 Rxg3+ 32. Kxg3 Qg6+ 33. Kh2 $2 (33. Kh4 $1 $15) 33... Qe4 $19 34. Qxe4 dxe4 35. Nf4 g5 36. Ng2 Rf2 $1 {[%cal Rf2d2]} 37. Bc3 Kf7 38. h4 gxh4 39. Kh3 {[#]} e3 $1 {[%cal Be4e3,Be3e2][%mdl 32]} 40. Nxh4 (40. Nxe3 Rf3+) 40... e2 41. Kg3 Rf1 42. Nf3 h5 $1 {[%cal Rh5h4] Threatens to win with ...h4+!} 43. Kf4 $2 (43. Ne1 {was called for.}) 43... h4 $1 44. Ke3 {[#]} h3 $1 45. Kxe2 {[#]} Rg1 $1 {[%mdl 512]} 46. Kf2 (46. d5 {is a better defense.}) (46. Nxg1 h2) 46... Rg2+ 47. Kf1 Kg6 48. Nh4+ $2 (48. Bb4) 48... Kg5 49. Nxg2 h2 50. Ne1 h1=Q+ 51. Ke2 Kf5 52. Nd3 Qe4+ 53. Kd2 Qg2+ 54. Ke3 Qg3+ 55. Kd2 Ke4 56. Nc5+ Kd5 57. Nd3 Qg2+ 58. Ke3 {Hoping for Nf4+.} Kc4 59. Ne5+ Kb3 60. Nd3 Qg5+ 61. Ke2 Kc2 62. Ne1+ Kb1 63. Nd3 Qb5 64. Kd2 b6 65. axb6 Qxb6 66. Ne5 Qb5 67. Nd3 a5 {[%cal Ba6a5,Ba5a4,Ba4a3,Ba3a2][%mdl 32]} 68. Ne1 a4 69. Nd3 Qg5+ 70. Kd1 Qe3 {Black mates.} 71. Ne5 {[#]} a3 $1 72. Nc4 (72. bxa3 Qxc3) 72... Qg1+ 73. Ke2 a2 74. Na3+ Kc1 75. b3 Qg2+ 76. Kd3 Qf3+ 77. Kc4 Qxc3+ {Precision: White = 47%, Black = 66%.} 0-1

[Event "8th RTU Open 2018"]
[Site "Riga"]
[Date "2018.08.12"]
[Round "9"]
[White "Dhulipalla, Bala Chandra Prasad"]
[Black "Kulaots, Kaido"]
[Result "0-1"]
[WhiteElo "2333"]
[BlackElo "2554"]
[Annotator "ChessBase"]
[PlyCount "66"]
[EventDate "2018.08.06"]
[EventType "swiss"]
[EventCountry "LAT"]
[SourceTitle "playchess.com"]
[Source "ChessBase"]
[SourceQuality "1"]
[TimeControl "5400+30"]

1. d4 {[%emt 0:00:00]} g6 {[%emt 0:00:00]} 2. c4 {[%emt 0:00:28]} Bg7 {[%emt 0:02:38]} 3. g3 {[%emt 0:00:15]} e6 {[%emt 0:03:07]} 4. Nf3 {[%emt 0:00:25]} d5 {[%emt 0:00:13]} 5. Bg2 {[%emt 0:00:53]} Ne7 {[%emt 0:00:22]} 6. O-O {[%emt 0:00:16]} O-O {[%emt 0:00:23]} 7. Qc2 {[%emt 0:00:17]} b6 {[%emt 0:06:51]} 8. Bf4 {[%emt 0:15:10]} Ba6 {[%emt 0:13:49]} 9. Na3 {[%emt 0:04:47]} Nbc6 {[%emt 0:03:41]} 10. Qa4 {[%emt 0:07:23]} Bb7 {[%emt 0:04:19]} 11. Rfd1 {[%emt 0:07:01]} a6 {[%emt 0:01:00]} 12. Rac1 {[%emt 0:06:42]} b5 {[%emt 0:05:45]} 13. cxb5 {[%emt 0:01:01]} axb5 {[%emt 0:00:04]} 14. Qb3 {[%emt 0:01:44]} b4 {[%emt 0:02:35]} 15. Nb5 {[%emt 0:01:40]} Ba6 {[%emt 0:00:39]} 16. Rc5 {[%emt 0:10:56]} Qd7 {[%emt 0:10:54]} 17. e3 {[%emt 0:03:30]} Rfb8 {[%emt 0:26:21]} 18. Bf1 {[%emt 0:10:05]} Rb7 {[%emt 0:03:22]} 19. Rdc1 {[%emt 0:03:52]} f6 {[%emt 0:04:17]} 20. Qa4 {[%emt 0:09:21]} e5 {[%emt 0:07:11]} 21. dxe5 {[%emt 0:01:14]} fxe5 {[%emt 0:00:04]} 22. Bg5 {[%emt 0:01:36]} e4 {[%emt 0:02:15]} 23. Nbd4 {[%emt 0:10:59]} Bxf1 {[%emt 0:00:35]} 24. Qxa8+ {[%emt 0:00:08]} Rb8 {[%emt 0:00:03]} 25. Qxb8+ {[%emt 0:00:28]} Nxb8 {[%emt 0:00:06]} 26. Rxc7 {[%emt 0:00:57]} Qh3 {[%emt 0:00:04]} 27. Nh4 {[%emt 0:00:59]} Bxd4 {[%emt 0:00:49]} 28. Rxf1 {[%emt 0:01:18]} Nec6 {[%emt 0:00:32]} 29. exd4 {[%emt 0:00:18]} Nxd4 {[%emt 0:00:10]} 30. Re1 {[%emt 0:00:16]} Nbc6 {[%emt 0:01:41]} 31. f3 {[%emt 0:00:50]} Ne5 {[%emt 0:00:20]} 32. Rf1 {[%emt 0:00:38]} Nexf3+ {[%emt 0:00:28]} 33. Nxf3 {[%emt 0:00:14]} Nxf3+ {[%emt 0:00:06]} 0-1